LEADER 00923nam0 2200277 450 001 000028101 005 20110103105032.0 010 $a978-88-348-9713-3 100 $a20110103d2009----km-y0itay50------ba 101 0 $aita 102 $aIT 105 $ay-------001yy 200 1 $aMercati e istituzioni in Italia$ediritto pubblico dell'economia$fEnzo Cardi 205 $a2. ed. 210 $aTorino$cGiappichelli$dc2009 215 $aXI, 356 p.$d24 cm 500 10$aMercati e istituzioni in Italia : diritto pubblico dell'economia$941471 610 1 $aEconomia$aDiritto pubblico 610 1 $aMercati finanziari$aRegolamentazione 676 $a343.4507$v22 700 1$aCardi,$bEnzo$0115762 801 0$aIT$bUNIPARTHENOPE$c20110103$gRICA$2UNIMARC 912 $a000028101 951 $a343-M/7$b42802$cNAVA1$d2011 996 $aMercati e istituzioni in Italia : diritto pubblico dell'economia$941471 997 $aUNIPARTHENOPE